Quizzes
Events
Quiz Creation
Community
Videos
Private Events
Remove Ads
Sign In
Join for FREE
Feedback
Dark Mode
Quiz Categories
Sports
Geography
Music
Movies
Television
Just For Fun
Miscellaneous
History
Literature
Language
Science
Gaming
Entertainment
Religion
Holiday
For Kids
Quiz Lab
Recent
Popular Today
Quiz Kudos Today
Editor Picks
Curator Picks
Quizzes by...
Day
Popularity
Type
Ratings
Length
Year
Community
Subscriptions
Recent Discussions
Orange Saloon
Badges
Playlists
Quests
Create
Leaderboards
Showdown
Live 5
Trivia Bingo
Activity
Puzzle Library
Sporcle Events
Private Events
Virtual Trivia
Globe League
Become a Host
Pub Owners
SporcleCon
Opinionation
Our Games
Videos
Blog
Mobile Apps
Partnerships
Remove Ads and Go Orange
Feedback
Music
Pop Music
The Beatles
Song
Album
Lyrics
Bands
Singers
Artist
Clip
Rock
Rap
Classical
Billboard
Country Music
Kpop
Taylor Swift
Music
Pop Music
The Beatles
Song
Album
Lyrics
Bands
Singers
Artist
Clip
Rock
Rap
Classical
Billboard
Country Music
Kpop
Taylor Swift
Random Quiz
Search Sporcle
×
Quiz Lab
Quiz Lab
Music
Kpop
Type in answers that appear in a list
Type in answers that appear in a list
Classic
Best Score? Go Orange.
Kpop Boy Group Title Tracks Stats
Can you name the Kpop Boy Group Title Tracks?
By
Nightwolf099
20m
296 Questions
1,527 Plays
1,527 Plays
1,527 Plays
Comments
Comments
Give Quiz Kudos
Give Quiz Kudos
-
- Ratings
hide this ad
Replay
Link that replays current quiz
Next Quiz
Link to next quiz in quiz playlist
You Got
0%
They Got
Avg Score
33%
Avg Friend Score
Upgrade to see
Score Distribution
Jump to the score distribution portion of the page
Score
0/296
Timer
20:00
0
Plays Today
Hint
Answer
% Correct
BTS
No
89%
BTS
Fire
85.7%
JJCC
Fire
85.7%
EXO
Monster
84.3%
Block B
HER
82%
BTS
Run
81.5%
BTS
No More Dream
81.3%
EXO
Call Me Baby
80.7%
BTS
I Need U
79.9%
EXO
Wolf
79.8%
EXO
Growl
79.7%
EXO
Mama
79.3%
Infinite
Bad
77.8%
EXO
Lotto
77.7%
BTS
Dope
76.8%
BTS
Boy In Luv
76.5%
Seventeen
Adore U
76.2%
Seventeen
Mansae
75.9%
EXO
Overdose
75.5%
EXO
Love Me Right
75.3%
BTS
Save Me
75.2%
BTS
Danger
74.9%
EXO
History
74.1%
BTS
Spring Day
73.6%
Monsta X
Beautiful
73.4%
BTS
Blood Sweat & Tears
72.6%
Monsta X
Hero
72.1%
EXO
Lucky One
71.2%
Block B
Toy
71%
Seventeen
Pretty U
70.9%
Seventeen
Very Nice
70.7%
SHINee
View
69.3%
SHINee
Lucifer
69.3%
BTS
War Of Hormone
68.7%
BTS
Not Today
68.6%
Astro
Hide And Seek
67.3%
SHINee
Replay
67.2%
Monsta X
Trespass
67.1%
SHINee
Ring Ding Dong
66.4%
B.A.P
Warrior
66.3%
iKON
Rhythm Ta
66.3%
B.A.P
One Shot
64.4%
Nu'est
Face
64.2%
Monsta X
All In
63.8%
Vixx
Chained Up
62.3%
Astro
Baby
61.8%
SHINee
Married To The Music
61.3%
iKON
Bling Bling
60.7%
Seventeen
Don't Wanna Cry
60.7%
BTS
Just One Day
60.1%
BtoB
WOW
59.8%
SHINee
Sherlock
59.5%
BTS
We Are Bulletproof pt 2
59.3%
Boys Republic
Hello
58.6%
Nu'est
Hello
58.6%
SHINee
Hello
58.6%
EXO
Sing For You
58.3%
SHINee
1 Of 1
57.6%
Vixx
Fantasy
56.8%
Seventeen
Boom Boom
56.8%
BTS
Young Forever
56.3%
Vixx
Error
56.3%
Infinite
The Eye
56.2%
iKON
My Type
56.2%
iKON
Dumb & Dumber
56.2%
EXO
Miracles In December
56.1%
Infinite
Back
56%
Boyfriend
Boyfriend
55.3%
Vixx
Voodoo Doll
55%
Monsta X
Rush
54.6%
B.A.P
Feel So Good
54.3%
iKON
Airplane
52.6%
Astro
Breathless
52.3%
Block B
Very Good
52%
Monsta X
Stuck
51.7%
Block B
Jackpot
51.4%
Vixx
Dynamite
50.9%
B.A.P
That's My Jam
50.5%
iKON
B-Day
50.2%
BtoB
Movie
50.2%
B.A.P
Young Wild And Free
50.1%
History
Queen
49.5%
Boyfriend
Bounce
49.3%
Block B
NalinA
49.1%
iKON
Apology
48.6%
Vixx
Shangri-La
47.9%
SHINee
Tell Me What To Do
47.6%
SHINee
Everybody
47.4%
B1A4
Solo Day
47.2%
B.A.P
1004
47%
EXO
What Is Love
46.9%
Vixx LR
Beautiful Liar
46.8%
Teen Top
Rocking
46.5%
EXO
Lightsaber
46.4%
BtoB
I'll Be Your Man
46.4%
Vixx
Hyde
46.2%
Block B
Yesterday
46.1%
Monsta X
Fighter
45.5%
B.A.P
Wake Me Up
45.4%
Hint
Answer
% Correct
B.A.P
No Mercy
45.4%
B.A.P
Power
45.3%
BtoB
Beep Beep
44.6%
Block B
Freeze
44.1%
Vixx
Super Hero
44.1%
BtoB
Insane
44%
B.A.P
Skydive
43.8%
EXO
For Life
43.4%
Infinite
Be Mine
43%
Infinite
Last Romeo
42.9%
Infinite
The Chaser
42.8%
iKON
#WYD
42.8%
Infinite
Come Back Again
42.4%
Boyfriend
Witch
41.6%
B1A4
OK
41.5%
Up10tion
So Dangerous
41.4%
24K
Super Fly
41.1%
Vixx
Eternity
40.7%
Boyfriend
On And On
40.6%
Vixx
On And On
40.6%
Teen Top
Miss Right
40.3%
Teen Top
Clap
40.1%
B1A4
Sweet Girl
40%
Block B
Nillili Mambo
39.1%
SHINee
Juliette
39%
SHINee
Dream Girl
38.8%
24K
Still 24K
38.3%
Infinite
Before The Dawn
37.5%
U-
Kiss
Stalker
37%
Nu'est
Love Paint
36.9%
Up10tion
Attention
36.8%
Infinite
Destiny
36.7%
Nu'est
Overcome
36.6%
Astro
Confession
36.5%
Infinite
Man In Love
36.1%
Vixx
The Closer
35.9%
Boyfriend
Janus
35.7%
B.A.P
Hurricane
35.4%
BtoB
Thriller
35.4%
Infinite
Paradise
35.1%
B1A4
A Lie
34.6%
B1A4
Lonely
34.3%
B.A.P
Badman
34%
Seventeen
Love Letter
34%
SHINee
Why So Serious
33.7%
Boys Republic
Get Down
33.2%
U-
Kiss
Neverland
33.2%
Vixx
Love Equation
32.3%
BtoB
Remember That
32.2%
History
Might Just Die
31.9%
Block B
A Few Years Later
31.8%
iKON
Anthem
31.8%
Vixx
GR8U
31.8%
Up10tion
Catch Me
31.6%
Cross Gene
Black Or White
31.5%
Seventeen
Highlight
30.8%
BtoB
It's Okay
30.7%
Vixx
Rock Ur Body
30.7%
24K
Bingo
30.2%
Teen Top
Ah Ah
30%
Topp Dogg
The Beat
29.9%
Teen Top
Crazy
29.7%
Teen Top
Warning Sign
29.5%
iKON
What's Wrong
29.3%
Topp Dogg
Arario
29.3%
Cross Gene
Noona You
29.2%
B.A.P
Stop It
28.6%
Block B
Action
28.4%
Cross Gene
Play With Me
28.4%
Nu'est
Action
28.4%
B.A.P
Coffee Shop
28%
B1A4
Beautiful Target
28%
B1A4
What's Happening
27.8%
Topp Dogg
Top Dog
27.2%
SHINee
Love Like Oxygen
27.2%
B1A4
Baby Good Night
26.5%
B.A.P
Rain Sound
26.5%
SHINee
Amigo
26.1%
Teen Top
Angel
25.7%
BtoB
You're So Fly
25.6%
Up10tion
Tonight
24.3%
24K
Only You
24%
Boyfriend
Obsession
23.8%
Nu'est
Goodbye Bye
23.8%
Teen Top
Missing
23.7%
Up10tion
White Night
23.2%
Boys Republic
Video Game
23.1%
B1A4
Baby I'm Sorry
22.9%
History
Psycho
22.8%
Nu'est
Sleep Talking
22.8%
24K
Hey You
22%
B1A4
Tried To Walk
21.7%
BtoB
Way Back Home
21.1%
Boyfriend
I Yah
21%
U-
Kiss
0330
20.9%
Vixx
Milky Way
20.7%
Seventeen
Healing
20.4%
Infinite
Nothing's Over
20.4%
Astro
Cat's Eye
20.1%
Hint
Answer
% Correct
Topp Dogg
Rainy Day
19.2%
Teen Top
Love Is
19.1%
Boyfriend
To My Bestfriend
18.9%
Block B
Be The Light
18.9%
Teen Top
To You
18.7%
Cross Gene
La Di Da Di
18.2%
SHINee
Colorful
18%
Infinite
She's Back
17.6%
U-
Kiss
DoraDora
17.5%
B.A.P
Crash
17.2%
U-
Kiss
Stop Girl
16.4%
Vixx
Only U
16.4%
History
Dreamer
16.1%
Topp Dogg
Annie
16.1%
U-
Kiss
Quit Playing
15.9%
Teen Top
No More Perfume On You
15.9%
BtoB
Second Confession
15.7%
Cross Gene
Amazing Bad Lady
15.6%
Astro
Should've Held On
15.5%
U-
Kiss
Man Man Ha Ni
15%
Teen Top
Supa Luv
14.9%
BtoB Blue
Stand By Me
14.7%
Topp Dogg
Say It
14.2%
Teen Top
I'm Sorry
13.9%
24K
U R So Cute
13.2%
B.A.P
Where Are You What Are You Doing
13.2%
Infinite
That Summer
12.9%
Boyfriend
Don't Touch My Girl
12.8%
U-
Kiss
Believe
12.4%
BtoB
Father
12.4%
U-
Kiss
Playground
12.4%
24K
Hurry Up
12%
24K
Secret Love
12%
B.A.P
Secret Love
12%
Boys Republic
Party Rock
12%
U-
Kiss
Not Young
12%
Seventeen
Smile Flower
11.5%
JJCC
Where You At
11.4%
Teen Top
Be Ma Girl
11.4%
Boys Republic
Dress Up
11.2%
B1A4
Only Learned Bad Things
11%
Boys Republic
The Real One
10.9%
U-
Kiss
Standing Still
10.8%
History
What Am I To You
10.7%
Topp Dogg
Open The Door
10.7%
JJCC
At First
10.6%
BtoB
The Winter's Tale
10.5%
JJCC
Today
10.3%
BtoB
Irresistable Lips
9.5%
Boyfriend
Love Style
9.3%
U-
Kiss
She's Mine
9.3%
Block B
Tell Them
9.2%
U-
Kiss
Bingeul Bingeul
9.1%
Topp Dogg
Cigarette
9%
Nu'est
I'm Bad
8.9%
Boyfriend
I'll Be There
8.4%
Teen Top
I Wanna Love
8.4%
U-
Kiss
Shut Up
8%
JJCC
One Way
7.3%
BtoB
When I Was Your Man
7%
Cross Gene
Shooting Star
6.6%
BtoB
You Can Cry
6.4%
U-
Kiss
I Like You
6.3%
Infinite
Lately
5.7%
Boyfriend
Alarm
5.6%
Nu'est
Not Over You
5.5%
History
Tell Me Love
5.4%
Nu'est
Sandy
5.4%
Up10tion
Stay
5.3%
Nu'est
Daybreak
5.3%
JJCC
Insomnia
5.3%
Boys Republic
You Are Special
5.2%
Cross Gene
Not A Boy Not Yet A Man
5.1%
Boyfriend
White Out
5.1%
Teen Top
Lovefool
4.7%
Teen Top
Walk By
4.5%
BtoB
I Only Know Love
4.4%
Nu'est
Fine Girl
4.3%
Up10tion
Come As You Are
4.3%
Teen Top
Don't Drink
4.1%
Block B
Close My Eyes
4.1%
Cross Gene
Sky High
4%
Infinite
Cover Girl
3.9%
Teen Top
Love Comes
3.9%
Teen Top
Snow Kiss
3.6%
JJCC
On The Flower Bed
3.4%
Boys Republic
L.I.U
3.4%
Topp Dogg
Peekaboo
3.4%
Teen Top
Date
3.3%
Cross Gene
For This Love
2.9%
Lunafly
Fly To Love
2.7%
Lunafly
Special Guy
2.7%
Lunafly
This Isn't You
2.6%
Lunafly
How Nice Would It Be
2.5%
Lunafly
Clear Day Cloudy Day
2.2%
U-
Kiss
For KissMe
2.2%
Topp Dogg
I Come
1.8%
Lunafly
Hey Fox
1.8%
Quiz Playlist
Details
Report
Send in Message
Add To Playlist
Classic:
Type in answers that appear in a list
Last Updated: Jun 15, 2017
Quiz Scoreboard
CHALLENGE
Sign Up to Join the Scoreboard
Show All
Scores
Hide
Comments
May contain spoilers
Recently Published
NBA Finals Game Top Scorers (2010s)
by flibbidy
Sports
5m
Guess the 'R' Things in 3 Words
by MSUKent
Miscellaneous
3m
Actor to Badly Drawn Movie III
by MoMosMoProblems
Movies
5m
More to Explore
Quiz From the Vault
Featured Blog Post
Where Does Lost Luggage Go?
hide this ad
You Might Also Like...
Tags
Kpop Quiz
Korean
Kpop Quiz
South Korean
Today's Top Quizzes in Music
Browse Music
hide this ad
Today's Top Quizzes in Kpop
Browse Kpop
Top Contributed Quizzes in Music
1
Taylor Swift All Songs (2024)
2
Image Sorting: Rock Albums II
3
Image Sorting: Rock Albums III
4
Image Sorting: Rock Albums IV
5
Image Sorting: Rock Albums V
6
Taylor Swift Logic Puzzle
7
Image Sorting: Rock Albums VI
8
Adjectives in 80s Songs
9
Nickname Match: Musicians
10
Image Sorting: Album Titles
Explore More
Trending Topics
Anime
NBA
Crossword
Harry Potter
Kpop
Marvel
Disney
Country
Song
NFL
WWE
Soccer
Pokémon
Puzzle
The Office
hide this ad
More By:
Nightwolf099
Quiz
Plays
Rating
Category
Featured
Created
Kpop Girl Group Title Tracks
2,308
4.31
Music
Aug 22, 2016
Kpop Fan Club Names
2,096
3.86
Music
Aug 27, 2016
Kpop Boy Group Title Tracks
1,527
3.75
Music
Aug 19, 2016
Name the kpop group from the song
1,191
5.00
Music
Feb 21, 2017
Name the members of the kpop boy group
907
5.00
Music
Mar 22, 2017
Go to Creator's Profile
Score Distribution
Quiz Creator Spotlight
Nightwolf099
Follow
Send a Message
Quizzes Created
-
Created Quiz Play Count
-
More By This Creator
Popular Quizzes Today
1
Find the US States - No Outlines Minefield
2
Find the US States
3
The Countries of the World
4
10 Largest US States in Order
5
Find the Countries of Europe - No Outlines Minefield
6
US States
7
Guess the 'R' Things in 3 Words
8
NBA Finals Game Top Scorers (2010s)
More Music Quizzes
Taylor Swift in the Rain
Quiz Lab
Trending Quizzes
First Name TV: Leading Men
Match the Book to the Film II
First Name TV: Leading Women Drama
Match the Book to the Film VI
Pick A Pair: Religious TV
Recently Updated
Women's Final Four Teams by Year
bhenderson79
Presidents Quartet II
eogle
Anything But Clue(do)
eogle
Anything But Oceanian Capitals
eogle
Anything But 7
eogle
Anything But Thing
eogle
Word Ladder: February 29
pecheneg
Song Title Questions
pecheneg
Women's NCAA Tournament #1 Seeds
pecheneg
Celebrity Mug Shots
pecheneg
Trending Topics
Kpop
Disney
Crossword
NBA
Harry Potter
Marvel
Anime
Pokémon
Soccer
Country
Song
WWE
Puzzle
NFL
The Office
Your Account Isn't Verified!
In order to create a playlist on Sporcle, you need to verify the email address you used during registration. Go to your
Sporcle Settings
to finish the process.
Report this User
Report this user for behavior that violates our
Community Guidelines
.
Details:
Send Report
Go to the Sporcle.com Mobile Site →
Comments